Organizational Behavior (Record no. 5929)

MARC details
000 -LEADER
fixed length control field 00340nam a2200157Ia 4500
003 - CONTROL NUMBER IDENTIFIER
control field OSt
008 - FIXED-LENGTH DATA ELEMENTS--GENERAL INFORMATION
fixed length control field 191201s2013 xx 000 0 und d
082 ## - DEWEY DECIMAL CLASSIFICATION NUMBER
Classification number 658.4
Item number LUO
100 ## - MAIN ENTRY--PERSONAL NAME
Personal name LUTHANS, Fred
245 #0 - TITLE STATEMENT
Title Organizational Behavior
250 ## - EDITION STATEMENT
Edition statement Rep
260 ## - PUBLICATION, DISTRIBUTION, ETC. (IMPRINT)
Place of publication, distribution, etc New Delhi
Name of publisher, distributor, etc TMH
Date of publication, distribution, etc 2013
300 ## - PHYSICAL DESCRIPTION
Extent 574
650 ## - SUBJECT ADDED ENTRY--TOPICAL TERM
Topical term or geographic name as entry element BBA
942 ## - ADDED ENTRY ELEMENTS (KOHA)
Source of classification or shelving scheme Dewey Decimal Classification
Koha item type Text Books
Holdings
Withdrawn status Lost status Source of classification or shelving scheme Damaged status Not for loan Collection code Home library Current library Date acquired Source of acquisition Cost, normal purchase price Bill Number Total Checkouts Full call number Acc. no. / Barcode Date last seen Actual Cost, discounted price Bill Date Koha item type Checked out Date last borrowed Public note
    Dewey Decimal Classification     BBA PIET C-LIBRARY PIET C-LIBRARY 10/07/2014 Orange Books International 650.00 4491   658.4 LUO 24382 04/12/2019 455.00 09/07/2014 Reference Books      
    Dewey Decimal Classification     BBA PIET C-LIBRARY PIET C-LIBRARY 10/07/2014 Orange Books International 650.00 4491   658.3 LUO 24383 04/12/2019 455.00 09/07/2014 Text Books      
    Dewey Decimal Classification     BBA PIET C-LIBRARY PIET C-LIBRARY 10/07/2014 Orange Books International 650.00 4491   658.3 LUO 24384 04/12/2019 455.00 09/07/2014 Text Books      
    Dewey Decimal Classification     BBA PIET C-LIBRARY PIET C-LIBRARY 10/07/2014 Orange Books International 650.00 4491 1 658.3 LUO 24385 22/01/2022 455.00 09/07/2014 Text Books 21/07/2022 22/01/2022 .
    Dewey Decimal Classification     BBA PIET C-LIBRARY PIET C-LIBRARY 10/07/2014 Orange Books International 650.00 4491 1 658.3 LUO 24386 28/11/2022 455.00 09/07/2014 Text Books   23/11/2022  

Design & Developed by: PIET Central Library
R70 Miles Stone Pattikalyana Samalkha Panipat 132102
mail ID :- [email protected], Phone No:- 0180-2569700 Ex.216